[Jiří Mahen]

Hlavní autor: Král, Jaroslav, 1883-1942
Jazyk: Čeština
Vydáno: [S.l. : s.n., 19--?]
Témata:
Externí odkaz: Digitalizovaný dokument (klikněte pro zobrazení)
Fyzický popis: 1 fotografie ; 18,2 x 12,9 cm
Grafika
Uloženo v:
LEADER 00940nkm a2200277 a 4500
001 000656952
003 CZ BrMZK
005 20101112205802.0
007 kf bo
008 030311q19001999xr f cze d
040 |a BOA001  |b cze  |c BOA001 
080 |a 77.041.5  |2 MRF 
080 |a 929  |2 MRF 
100 1 |a Král, Jaroslav,  |d 1883-1942  |7 jn20000728332  |4 art 
245 1 0 |a [Jiří Mahen]  |h [grafika] 
246 3 3 |a Jiří Mahen 
260 |a [S.l. :  |b s.n.,  |c 19--?] 
300 |a 1 fotografie ;  |c 18,2 x 12,9 cm 
500 |a Nad karikaturou text: Galerie Šibeniček XVI. 
500 |a Karikatura 
500 |a Jiří Mahen se narodil v Čáslavi, působil a zemřel v Brně 
600 1 7 |a Mahen, Jiří,  |d 1882-1939  |7 jk01072867  |2 czenas 
655 7 |a portréty  |7 fd133099  |2 czenas 
856 4 1 |u https://imageserver.mzk.cz/mzk01/000/656/952/2610457763  |y Digitalizovaný dokument (klikněte pro zobrazení) 
910 |a BOA001  |b Gr1-1252.442,3 
990 |a GP